Central Library OPAC University of Rajshahi

A short course of political economy / (Record no. 43689)

MARC details
000 -LEADER
fixed length control field 00710nam a2200229 a 4500
001 - CONTROL NUMBER
control field 43689
003 - CONTROL NUMBER IDENTIFIER
rucl marc code BD-RjUL
005 - DATE AND TIME OF LATEST TRANSACTION
control field 20211209053733.0
008 - FIXED-LENGTH DATA ELEMENTS--GENERAL INFORMATION
fixed length control field 160626s1968 ru 000 0 eng
035 ## - SYSTEM CONTROL NUMBER
System control number (BD-RjUL)43807
040 ## - CATALOGING SOURCE
Original cataloging agency DLC
Transcribing agency DLC
Modifying agency BD-RjUL
Language of cataloging eng
041 1# - LANGUAGE CODE
Language code of text/sound track or separate title eng
082 00 - DEWEY DECIMAL CLASSIFICATION NUMBER
Classification number 335.4
Edition number 23
Author mark and year LES 1968
100 1# - MAIN ENTRY--PERSONAL NAME
Personal name Leontyev, L.
Dates associated with a name 1901-
9 (RLIN) 134244
245 12 - TITLE STATEMENT
Title A short course of political economy /
Statement of responsibility, etc. by L. Leontyev. [Translated from the Russian by Don Danemanis; designed by V. Dober]
260 ## - PUBLICATION, DISTRIBUTION, ETC. (IMPRINT)
Place of publication, distribution, etc. Moscow :
Name of publisher, distributor, etc. Progress,
Date of publication, distribution, etc. 1968
300 ## - PHYSICAL DESCRIPTION
Pagination 414 p. ;
Size 21 cm.
650 #0 - SUBJECT ADDED ENTRY--TOPICAL TERM
Topical term or geographic name as entry element Marxian economics.
9 (RLIN) 134245
Topical term or geographic name as entry element Capitalism.
9 (RLIN) 134246
Topical term or geographic name as entry element Comparative economics.
9 (RLIN) 129184
942 ## - ADDED ENTRY ELEMENTS (KOHA)
Source of classification or shelving scheme Dewey Decimal Classification
Koha item type Books
Holdings
Lost status Source of classification or shelving scheme Damaged status Not for loan Collection code Permanent Location Current Location Shelving location Date acquired Source of acquisition Total Checkouts Full call number Date last seen Copy number Koha item type
  Dewey Decimal Classification     Non-fiction Central Library, University of Rajshahi Central Library, University of Rajshahi   24/09/1992 Z   335.4 LES 1968 26/06/2016 C-2 Books